000 nam a22 7a 4500
999 _c376723
_d376723
003 BLK
005 20200723134516.0
008 200531b bu ||||| |||| 00| 0 bu d
040 _aBLK
041 _aBUL
_cBUL
080 _aБългарска литература
_b821.163.2-32
_x-32
_z821.163.2-32
100 _9327705
_aРусев, Харалан
_eпърви автор
139 _aРусев, Харалан
_bР 94
245 _aЗалез слънце
_bРазкази
_cХаралан Русев
257 _aBGR
260 _aСофия
_bБълг. писател
_c1957
300 _a263 с.
_c18 см
380 _aX
852 _aЦб І 1128
_bЦб
942 _cKNG
_n0
_s1
944 _aCR
_c2020-07-23
_kНР